000 00700pam a2200229 a 4500
001 2825133
005 20180111082905.0
008 841015s1985 nyu bd 000 0 eng
010 _a 83048797
020 _a006181606X :
_c$22.50
040 _aDLC
_cDLC
_dDLC
041 _aeng
080 _a423.1 MOR
082 0 0 _a423.1 MOR
_219
100 1 _a23
101 _aFJA
245 1 0 _aHarper dictionary of contemporary usage /
_cWilliam and Mary Morris ; with the assistance of a panel of 166 distinguished consultants on usage.
504 _aBibliography: p. 639-641.
740 0 _aDictionary of contemporary usage.
906 _a7
_bcbc
_corignew
_d1
_eocip
_f19
_gy-gencatlg
942 _2ddc
_cBK
999 _c40133
_d40133